000 00313nam a2200133Ia 4500
008 190216s9999||||xx |||||||||||||| ||und||
100 _aKrishnamurthy. V
245 0 _aComputer Programmin In Basic & Information
250 _a1st Ed.
260 _bNull
_c1995
300 _a220
650 _aComputer
942 _cBK
999 _c8495
_d8495